=LDR 00000nam 2200000 4500 =001 INLIS000000000033537 =005 20130612135503 =008 ***********************************ind** =035 ##$$0010-061300000033537 =041 ##$$a ind =082 ##$$a 728.3 =090 ##$$a 728.3, Sus s =100 ##$$a SUSILOWATI =245 ##$$a Sentuhan Etnik / Susilowati =250 ##$$a Seri Rumah Gaya =260 ##$$a 2005 $b Jakarta =300 ##$$a xiii, 82 hlm, ilus, 25 cm =650 ##$$a Rumah Tangga =850 ##$$a NBPNMAT